| 000 | 00355 a2200109 4500 | ||
|---|---|---|---|
| 001 | ART_34371 | ||
| 005 | 20260410162004.0 | ||
| 008 | 260409a | ||
| 245 | 1 | 0 | _aEl banco provincial de Córdoba y la crisis de Baring |
| 100 | 1 | _aGómez, Mónica | |
| 773 | 0 |
_tRevista de economía y estadística _g- Vol. XLIX, Nº 2 (dic. 2011) _wREV34359 |
|
| 999 |
_c31593 _d31593 |
||